Das verlorene paradies : schauspiel in drei aufzugen /

Bibliographic Details
Main Author: Fulda, Ludwig, 1862-1939
Other Authors: Grummann, Paul Henry, 1872-
Format: Book
Language:German
Published: Boston, New York : Ginn, [1906]
Series:International modern language series.

MARC

Tag First Indicator Second Indicator Subfields
LEADER 00000cam a2200000 i 4500
001 in00000022879
005 20151007064159.0
008 780523s1906 mauace 00010 ger d
035 |a (OCoLC)03921334 
035 |9 AAD9243AM 
040 |a RBN  |c RBN  |d TXA  |d UtOrBLW 
049 |a TXAM  |c [3141] 
090 |a PT2611.U72  |b V4 1906 
092 |a 832  |b F962v 
100 1 |a Fulda, Ludwig,  |d 1862-1939. 
245 1 4 |a Das verlorene paradies :  |b schauspiel in drei aufzugen /  |c von Ludwig Fulda ; edited with questions, notes, and vocabulary, by Paul H. Grummann. 
264 1 |a Boston,  |a New York :  |b Ginn,  |c [1906] 
264 4 |c ©1906 
300 |a xiii, 194 pages including frontispiece (port.) :  |b illustrations(plans) ;  |c 18 cm. 
336 |a text  |b txt  |2 rdacontent 
337 |a unmediated  |b n  |2 rdamedia 
338 |a volume  |b nc  |2 rdacarrier 
490 1 |a International modern language series 
500 |a Title within border. 
700 1 |a Grummann, Paul Henry,  |d 1872- 
830 0 |a International modern language series. 
999 |a MARS 
999 f f |s 115e9167-4494-3fd3-ba09-bab189a679f1  |i 6936a0a2-c38e-31b3-9fef-4eb2818fb40d  |t 0 
952 f f |p ric  |a Texas A&M University  |b Rellis Campus  |c Joint Library Facility  |d Remote Storage  |t 0  |e PT2611.U72 V4 1906  |h Library of Congress classification  |i unmediated -- volume  |m A14801352504 
998 f f |a PT2611.U72 V4 1906  |t 0  |l Remote Storage